| 000 | 00312nam a2200109Ia 4500 | ||
|---|---|---|---|
| 008 | 190216s9999||||xx |||||||||||||| ||und|| | ||
| 100 | _aDonald E Fischer&Amp; Ronald J Jordan | ||
| 245 | 0 | _aSecurity Analysis And Portfolio Management | |
| 260 |
_bPrentice Hall Of India Pvt Ltd _c2001 |
||
| 300 | _a691p | ||
| 942 | _cBK | ||
| 999 |
_c6218 _d6218 |
||